000 00643nam a2200277Ia 4500
005 20260324144927.0
008 008 260324s9999 xx 000 0 eng d
020 _a9780203776117
037 _aEBOOK
040 _aCRL
040 _beng
040 _cCRL
041 _2eng
041 _aeng
084 _qCRL
100 _aJeffrey K. Zeig
_9822238
245 0 _aTeaching Seminar With Milton H. Erickson
260 _bTaylor and Francis
260 _c1985
365 _a
365 _b195
856 _uhttp://www.taylorfrancis.com/books/9780203776117
942 _cEBOOK
999 _c1828359
_d1828359